Роль литологического фактора в размещении золоторудных проявлений в центральной части Ленской провинции; Известия Томского политехнического института [Известия ТПИ]; Т. 134 : Вопросы геологии месторождений золота Сибири

Detalhes bibliográficos
Parent link:Известия Томского политехнического института [Известия ТПИ]/ Томский политехнический институт (ТПИ).— , 1944-1976
Т. 134 : Вопросы геологии месторождений золота Сибири.— 1968.— [С. 107-108]
Autor principal: Коткин В. В.
Resumo:Заглавие с титульного листа
Электронная версия печатной публикации
Idioma:russo
Publicado em: 1968
coleção:Восточная Сибирь
Assuntos:
Acesso em linha:Черно-белая версия для предварительного просмотра
Цветная версия без потери качества
Formato: MixedMaterials Recurso Eletrônico Capítulo de Livro
KOHA link:https://koha.lib.tpu.ru/cgi-bin/koha/opac-detail.pl?biblionumber=204733

MARC

LEADER 00000nla2a2200000 4500
001 204733
005 20231031190121.0
035 |a (RuTPU)RU\TPU\book\223172 
035 |a RU\TPU\book\223167 
090 |a 204733 
100 |a 20111130d1968 k y0rusy50 ca 
101 0 |a rus 
102 |a RU 
135 |a drnn ---uucaa 
181 0 |a i  
182 0 |a b 
200 1 |a Роль литологического фактора в размещении золоторудных проявлений в центральной части Ленской провинции  |b Электронный ресурс  |f В. В. Коткин 
203 |a Текст  |c электронный 
215 |a 2 файла (94 Кб, 3.1 Мб) 
225 1 |a Восточная Сибирь 
230 |a Электронные текстовые данные (2 файла : 94 Кб, 3.1 Мб) 
300 |a Заглавие с титульного листа 
300 |a Электронная версия печатной публикации 
337 |a Adobe Reader 
461 1 |0 (RuTPU)RU\TPU\book\200995  |t Известия Томского политехнического института [Известия ТПИ]  |f Томский политехнический институт (ТПИ)  |d 1944-1976 
463 1 |0 (RuTPU)RU\TPU\book\223135  |t Т. 134 : Вопросы геологии месторождений золота Сибири  |o материалы межвузовской конференции по золотоносности Сибири в г. Томске  |v [С. 107-108]  |d 1968  |p 240 с. 
610 1 |a электронный ресурс 
700 1 |a Коткин  |b В. В. 
801 1 |a RU  |b 63413507  |c 20090320  |g PSBO 
801 2 |a RU  |b 63413507  |c 20120227  |g PSBO 
856 4 |u http://www.lib.tpu.ru/fulltext/v/Bulletin_TPU/1968/v134/17_bw.pdf  |z Черно-белая версия для предварительного просмотра 
856 4 |u http://www.lib.tpu.ru/fulltext/v/Bulletin_TPU/1968/v134/17_full.pdf  |z Цветная версия без потери качества 
942 |c CF